| 000 | 00705nam a2200217 i 4500 | ||
|---|---|---|---|
| 001 | 74655 | ||
| 003 | ES-MaACL | ||
| 005 | 20250808020343.0 | ||
| 007 | t| | ||
| 008 | 040920s1961 sp ||||1| spa d | ||
| 100 | 1 |
_aGonzález-Ruano, César, _d1903-1965 _958936 |
|
| 245 | 1 | 0 |
_aCaliente Madrid _b: (antología arbitraria) / _cCésar González-Ruano. |
| 260 |
_aMadrid : _bAfrodisio Aguado, _c[1961] |
||
| 300 |
_a215 p. ; _c25 cm. |
||
| 490 | 1 |
_aColección "Vida e Historia" ; _v11 |
|
| 651 | 4 |
_aMadrid- _xDescripción. _98952 |
|
| 651 | 4 |
_aMadrid- _xUsos y costumbres. _98987 |
|
| 830 | 0 | 0 |
_aVida e historia _v11 _9180776 |
| 852 |
_aES-MaACL _jC-20359 _bR.48610 |
||
| 999 |
_c74655 _d74655 |
||